00409nam a22001577a 450000500170000000800410001702000180005804100080007608200110008410000200009524500630011525000090017826000290018730000120021665000230022820230118115712.0200518b xxu||||| |||| 00| 0 eng d a9798189747069 aeng a615.85 aPrabha, K Suria aPharmacy practice and Pathophysiology including Lab manual a5'th aDelhibBirla Publication a364,xvi aPharmacyxD.PHARMA